00515nam a2200181 a 4500001001300000003000900013005001700022008004100039020002200080082001800102100001900120245006000139260004700199300000900246500003500255650002400290700001900314nice12345678IN_TiNIC20260116014459.0020101s2004 newa grp 000 0 eng  a8176495999 c9900a658.4036bSHE aShea, Gordon F aMentoringtb How to Develop Successful Mentor Behaviors aNew Delhi bViva Books, 3rd Edition c2004 a102p aincludes index and biblioraphy aFacilitation-Manual1 aShea, Gordon F